Dalit and backward women/ (Record no. 192039)

MARC details
000 -LEADER
fixed length control field 00563nam a22001817a 4500
005 - DATE AND TIME OF LATEST TRANSACTION
control field 20220909122703.0
010 ## - LCCN (DPL NO)
LC control number ENG-134991
020 ## - INTERNATIONAL STANDARD BOOK NUMBER
Terms of availability 750.00
International Standard Book Number 978-93-80873-03-9
035 ## - SYSTEM CONTROL NUMBER
System control number EN-118523
037 ## - SOURCE OF ACQUISITION
Source of stock number/acquisition DBAD/PUB
082 ## - DEWEY DECIMAL CLASSIFICATION NUMBER
Classification number 305.420954
100 ## - MAIN ENTRY--PERSONAL NAME
Personal name Arya, Sunita
245 ## - TITLE STATEMENT
Title Dalit and backward women/
Statement of responsibility, etc Sunita Arya
260 ## - PUBLICATION, DISTRIBUTION, ETC. (IMPRINT)
Place of publication, distribution, etc Delhi
Name of publisher, distributor, etc Educational Publishers & Distributors
Date of publication, distribution, etc 2010
270 ## - ADDRESS
Address 291, Bank Enclave, Laxmi Nagar
City Delhi
Postal code 110092
300 ## - PHYSICAL DESCRIPTION
Extent 288pp.
Dimensions 21cm(hbk)
Other physical details index, Bibliography
942 ## - ADDED ENTRY ELEMENTS (KOHA)
Source of classification or shelving scheme Dewey Decimal Classification
Item type English Books
Classification part 305.420954
Call number suffix ARY
Holdings
Withdrawn status Lost status Not for loan Collection code Home library Current library Date acquired Source of acquisition Cost, normal purchase price Full call number Barcode Copy number Cost, replacement price Koha item type
      Non-fiction Shahdara Branch Shahdara Branch 09/09/2022 DBAD/PUB 750.00 305.420954 ARY EN-118523 1 750.00 English Books

© Delhi Public Library
Hit Counter
free hit counter